000 00688nas a2200241 4500
001 BR8904358
003 BR-BrBNA
005 20231205091705.0
007 ta
008 230509b bl.|||p| |||| 00| 00por d
040 _aBR-BrBNA
_bpor
_cBiblioteca Nacional de Agricultura
041 _a(Pt)
072 _aL51
100 1 _aHorner, J.L.
100 1 _aCoppock, C.E.
245 1 _aNiacina: por que administrar com racoes ricas em gordura?
650 _aACIDO NICOTINICO
650 _aGORDURA
650 _aRACAO
773 0 _tGado Holandes (Brazil)
_xISSN 0101-7977
_g(May 1989), v. 54(162) p. 48-50
_wBR8904358
909 _a202311
_bLúcia
_c55
_dLúcia Elande
942 _2AGRIS
_n0
_cANA
999 _c126711
_d126711